Thiết lập và điều hành trại sản xuất tôm giống tại Việt Nam

Enregistré dans:
Détails bibliographiques
Auteur principal: Vũ Thế Trụ
Format: Livre
Langue:Undetermined
Publié: Tp. HCM Nông Nghiệp 2000
Sujets:
Tags: Ajouter un tag
Pas de tags, Soyez le premier à ajouter un tag!
Thư viện lưu trữ: Trung tâm Học liệu Trường Đại học Cần Thơ
LEADER 00588nam a2200193Ia 4500
001 CTU_38323
008 210402s9999 xx 000 0 und d
020 |b 25.000đ 
082 |a 639.58 
082 |b Tr500 
100 |a Vũ Thế Trụ 
245 0 |a Thiết lập và điều hành trại sản xuất tôm giống tại Việt Nam 
245 0 |c Vũ Thế Trụ 
260 |a Tp. HCM 
260 |b Nông Nghiệp 
260 |c 2000 
650 |a aquaculture,shrimp culture 
904 |i Minh, 001012 
980 |a Trung tâm Học liệu Trường Đại học Cần Thơ